<?xml version="1.0" encoding="UTF-8"?>
<marc:record xmlns:marc="http://www.loc.gov/MARC21/slim">
   <marc:leader>00000nam a2200000 a 4500</marc:leader>
   <marc:datafield ind1=" " ind2=" " tag="653">
      <marc:subfield code="a">CD</marc:subfield>
   </marc:datafield>
   <marc:datafield ind1=" " ind2=" " tag="653">
      <marc:subfield code="a">Hörbuch</marc:subfield>
   </marc:datafield>
   <marc:datafield ind1=" " ind2=" " tag="653">
      <marc:subfield code="a">Weihnachten</marc:subfield>
   </marc:datafield>
   <marc:datafield ind1="0" ind2="0" tag="245">
      <marc:subfield code="a">Pumuckl- das Weihnachtsgschenk, Der erste Schnee</marc:subfield>
   </marc:datafield>
   <marc:datafield ind1=" " ind2="1" tag="264">
      <marc:subfield code="a">Berlin</marc:subfield>
      <marc:subfield code="b">Universal Music GmbH</marc:subfield>
      <marc:subfield code="c">1982</marc:subfield>
   </marc:datafield>
   <marc:datafield ind1="1" ind2=" " tag="490">
      <marc:subfield code="a">Meister Eder und sein Pumuckl</marc:subfield>
   </marc:datafield>
   <marc:datafield ind1="1" ind2=" " tag="520">
      <marc:subfield code="a">Aufgeregt kommt Pumuckl in die Werkstatt: Draußen ist alles voller Lichter, Glitzer und schöner Sachen. Meister Eder erklärt ihm, dass man sich am Heiligen Abend Geschenke macht, die vorher mit viel Liebe ausgesucht worden sind. Kurzentschlossen zieht der Kobold los und richtet bei seiner "Geschenke-Suche" natürlich jede Menge Verwirrung an. &#xD;
&#xD;
&#xD;
&#xD;
    Pumuckls Begeisterung kennt kein Ende: Der erste Schnee in seinem Leben! Der Hof, die Dächer, sogar die Luft ist voll von weißen, tanzenden Flocken. Der Kobold möchte unbedingt Schnee in die Werkstatt holen, um damit zu spielen. Außerdem lässt sich mit dem Schnee auch in der Nachbarschaft reichlich Unruhe stiften. Meister Eder findet das gar nicht komisch. &#xD;
&#xD;
&#xD;
    Pumuckls Begeisterung kennt kein Ende: Der erste Schnee in seinem Leben! Der Hof, die Dächer, sogar die Luft ist voll von weißen, tanzenden Flocken. Der Kobold möchte unbedingt Schnee in die Werkstatt holen, um damit zu spielen. Außerdem lässt sich mit dem Schnee auch in der Nachbarschaft reichlich Unruhe stiften. Meister Eder findet das gar nicht komisch.</marc:subfield>
   </marc:datafield>
   <marc:datafield ind1="3" ind2=" " tag="024">
      <marc:subfield code="a">731455444025</marc:subfield>
   </marc:datafield>
   <marc:datafield ind1=" " ind2=" " tag="041">
      <marc:subfield code="a">ger</marc:subfield>
   </marc:datafield>
   <marc:datafield ind1=" " ind2=" " tag="338">
      <marc:subfield code="a">Audiodisk</marc:subfield>
   </marc:datafield>
   <marc:datafield ind1=" " ind2=" " tag="300">
      <marc:subfield code="a">1 CD (558), 52 Min.</marc:subfield>
   </marc:datafield>
</marc:record>
